000 00662 a2200205 4500
999 _c8371
_d8371
003 GBCCL
005 20241126110649.0
008 200214b ||||| |||| 00| 0 eng d
020 _a8180692280
020 _a9788180692284
040 _cgbc
082 _a616.9792
_a616.979200954
_bPSY
245 _aPsychological perspective of HIV & AIDS/
_cedited by M. Rajamanickam.
260 _aNew Delhi :
_bConcept Publishing,
_c 2006.
300 _aix, 116 pages ; 23 cm
650 _aHIV infections -- India.
_914625
650 _aHIV infections -- Psychological aspects.
_914626
650 _aAIDS (Disease) -- Psychological aspects.
_914627
942 _2ddc
_cBK
_01